| 000 | 00455nam a22001697a 4500 | ||
|---|---|---|---|
| 005 | 20240312105744.0 | ||
| 008 | 240312b |||||||| |||| 00| 0 eng d | ||
| 020 | _a9781119293323 | ||
| 082 | _a005.1 | ||
| 100 | a | _aAbraham, Nikhil | |
| 245 |
_aCoding for dummies / _cNikhil Abraham |
||
| 260 |
_aindia: _bElsevier; _c2015. |
||
| 300 |
_axxv, 264 P. : _bIll, _c23 cm. |
||
| 500 | _aInclude index. | ||
| 650 | _acomputer science/programming | ||
| 999 |
_c35321 _d35321 |
||